Govt. of
Madhya Pradesh

The Principles of Psychology (Record no. 36814)

MARC details
000 -LEADER
fixed length control field 004240000a22001690004500
003 - CONTROL NUMBER IDENTIFIER
control field MACL
005 - DATE AND TIME OF LATEST TRANSACTION
control field 20151229124152.0
008 - FIXED-LENGTH DATA ELEMENTS--GENERAL INFORMATION
fixed length control field 151229b xxu||||| |||| 00| 0 eng d
040 ## - CATALOGING SOURCE
Original cataloging agency MACL
Transcribing agency MACL
041 ## - LANGUAGE CODE
Language code of text/sound track or separate title English
082 ## - DEWEY DECIMAL CLASSIFICATION NUMBER
Classification number 150/SPE
100 ## - MAIN ENTRY--PERSONAL NAME
Personal name Spencer, Herbert
9 (RLIN) 23712
245 ## - TITLE STATEMENT
Title The Principles of Psychology
260 ## - PUBLICATION, DISTRIBUTION, ETC. (IMPRINT)
Name of publisher, distributor, etc. Williams and Norgate
Date of publication, distribution, etc. 1881
650 ## - SUBJECT ADDED ENTRY--TOPICAL TERM
Topical term or geographic name as entry element Psychology
9 (RLIN) 23713
942 ## - ADDED ENTRY ELEMENTS (KOHA)
Koha item type Books
Call number prefix 150/SPE
Source of classification or shelving scheme
Holdings
Withdrawn status Lost status Source of classification or shelving scheme Damaged status Not for loan Home library Current library Date acquired Total Checkouts Full call number Barcode Date last seen Uniform Resource Identifier Price effective from Koha item type
          MACL MACL 15/04/2015   150/SPE CLE000107 29/04/2015 37025 15/04/2015 Books